Anticipating correlations : a new paradigm for risk management (Record no. 371236)

MARC details
000 -LEADER
fixed length control field 00798nam a2200229Ia 4500
008 - FIXED-LENGTH DATA ELEMENTS--GENERAL INFORMATION
fixed length control field 191130s2009##################000#0#eng##
020 ## - INTERNATIONAL STANDARD BOOK NUMBER
ISBN 9780691116419
082 ## - DEWEY DECIMAL CLASSIFICATION NUMBER
Classification number 658.155015195 ENG
100 ## - MAIN ENTRY--AUTHOR NAME
Personal name Engle, R. F
245 ## - TITLE STATEMENT
Title Anticipating correlations : a new paradigm for risk management
Statement of responsibility, etc Robert Engle
260 ## - PUBLICATION, DISTRIBUTION, ETC. (IMPRINT)
Place of publication Princeton, NJ
Name of publisher Princeton University Press
Year of publication 2009
300 ## - PHYSICAL DESCRIPTION
Number of Pages vi, 154 p. : ill. ; 25 cm
500 ## - GENERAL NOTE
General note Includes bibliographical references (p. [141]-149) and index
650 ## - SUBJECT ADDED ENTRY--TOPICAL TERM
Topical Term Correlation (Statistics)
Topical Term Economic forecasting - Mathematical models
Topical Term Finance - Econometrics models
Topical Term Risk management - Mathematical models
991 ## -
-- 160109
Holdings
Withdrawn status Lost status Damaged status Not for loan Home library Current library Shelving location Date acquired Full call number Accession Number Price effective from Koha item type
        Anna Centenary Library Anna Centenary Library 6TH FLOOR, A WING 17.10.2020 658.155015195 ENG 167366 17.10.2020 English Books

Find us on the map